00547nam a2200193Ia 450000100060000000300090000600500170001500800410003202000220007304000280009504100080012308200160013110000200014724500980016726000330026530000180029865000160031670000210033220183DO-CoUTE20260204212616.0220104s9999 dr 000 0 spa d a978-987-591-478-0 aDO-CoUTEbspacDO-CoUTE0 aspa a370.1 P328j1 aPaulin, Horacio10aJóvenes y Escuela: relatos sobre una relación compleja / Horacio Paulin y Marina Tomasini aCordoba, Argentina : Brujas a265 páginas 4aEducación1 aTomasini, Marina